Selecciones nacionales nunca clasificadas para la Eurocopa - Estadísticas

Estadísticas generales
  • Esta prueba ha sido intentada 78 veces
    76 desde el último reinicio
  • La puntuación promedio es 16 de 19
Estadísticas de respuestas
Equipo % Correcto
San Marino
100%
Malta
93%
Andorra
91%
Luxemburgo
91%
Estonia
90%
Liechtenstein
90%
Lituania
90%
Armenia
87%
Bielorrusia
82%
Chipre
82%
Azerbaiyán
81%
Kosovo
81%
Moldavia
81%
Montenegro
76%
Bosnia y Hercegovina
75%
Gibraltar
75%
Israel
68%
Kazajistán
66%
Islas Feroe
65%
No se encontraron pruebas coincidentes
Distribución de puntuación
Porcentaje de gente con cada puntuación
Porcentaje por número respondido
Historial de tus puntuaciones
No has intentado esta prueba desde el último reinicio